000 01831nam a22002297a 4500
003 URS
005 20251015080005.0
008 240917b |||||||| |||| 00| 0 eng d
040 _cURS
050 _aBVC00005
100 _4author
_aBatalon, Ahlen Ken A.
245 _aUniform starts with U: a Campaign Proposal for establishing a Gender-Neutral Uniform for the studensts of the University of Rizal System.
260 _aAngono, Rizal:
_c2024
300 _aix, 156 p. ; 30 cm.
520 _aThis research is an advocacy campaign for the ongoing concerns on the heteronormative student uniforms that are still prevalent and a subject for debate in this present day where gender is more diverse. The researchers attempt to find a solution by proposing a gender-neutral uniform where it provides a new option for the students especially for those with diverse SOGIE and challenges the stereotypes regarding the school uniforms. Therefore, this uniform can provide a safe and inclusive environment for the students since it can disrupt discrimination and gender stereotypes in an academic institution. Through this study, the researchers explore different disciplines regarding the students’ perceptions, materials, and designs to ensure that the uniform will fit with the student’s preference while also examining its market potential. This advocacy campaign is a great way to voice out the concerns of the students to improve and maintain their healthy social welfare.
700 _4author
_aGallar, Reniel S.
700 _4author
_aGatchalian, Vinn Adrian H.
700 _4author
_aMercader, Kenneth M.
856 _3Online Request for Student Unpublished Works
_uhttps://forms.gle/7LqvGGkaDrUQqz429
856 _uhttps://drive.google.com/drive/folders/19E-i6Wu2MzsOv6fTkBJLgv8LtCzm-oWy?usp=sharing
942 _2lcc
_cT
999 _c80793
_d80792